Zeměpis pro měšťanské školy. [sv. 2], 2. stupeň /

Hlavní autor: Krejčí, Josef, 1844-1929
Další autoři: Horčička, Josef, 1870-1939, Ledr, Josef, 1879-1943
Jazyk: Čeština
Vydáno: Praha : Unie, 1934
Fyzický popis: 125 s.
Knihy
Uloženo v:
LEADER 00750nam a2200205 a 4500
001 000587097
003 CZ BrMZK
005 20020213112210.0
008 020213s1934 xr f cze d
040 |a BOA001  |b cze  |c BOA001 
100 1 |a Krejčí, Josef,  |d 1844-1929  |7 jk01063213  |4 aut 
245 1 0 |a Zeměpis pro měšťanské školy.  |n [sv. 2],  |p 2. stupeň /  |c Josef Krejčí, Josef Horčička, Josef Ledr 
246 3 0 |a 2. stupeň 
260 |a Praha :  |b Unie,  |c 1934 
300 |a 125 s. 
700 1 |a Horčička, Josef,  |d 1870-1939  |7 jk01042166  |4 aut 
700 1 |a Ledr, Josef,  |d 1879-1943  |7 jk01071761  |4 aut 
910 |a BOA001  |b PK-II-0009.302,2 
990 |a BK 
996 7 |b 3119656132  |c PK-II-0009.302,2  |l MZK  |r Sklad / do 1 hodiny  |n 1  |w 000587097  |u 000010  |a 1  |e BOA001  |j MZK50  |s A